[Event "Hamburg-ch MB"]
[Site "Hamburg"]
[Date "2017.06.05"]
[Round "3"]
[White "Eckert, Jaroslaw"]
[Black "Ristic, Sreten"]
[Result "0-1"]
[WhiteElo "1682"]
[BlackElo "1914"]
[PlyCount "94"]
[EventDate "2017.06.03"]
[EventType "swiss"]
[EventRounds "9"]
[EventCountry "GER"]
[SourceTitle "CBM 179 Extra"]
[Source "ChessBase"]
[SourceDate "2017.08.23"]
[SourceVersion "1"]
[SourceVersionDate "2017.08.23"]
[SourceQuality "1"]

1. d4 d6 2. c4 b6 3. Nc3 Nd7 4. Nf3 e5 5. e3 Bb7 6. d5 f5 7. Qc2 g6 8. h4 Bg7 9. Ng5 Nc5 10. b4 h6 11. bxc5 hxg5 12. c6 Bc8 13. g3 gxh4 14. gxh4 Rxh4 15. Rg1 Ne7 16. Bb2 a6 17. a4 Kf7 18. 0-0-0 Qh8 19. f3 Qh6 20. Re1 Bf6 21. Kb1 g5 22. Bd3 Qh5 23. Qd1 Rb8 24. Rh1 b5 25. Rxh4 Qxh4 26. Rh1 Qf2 27. Rh7+ Kg8 28. Qh1 bxc4 29. Bc2 e4 30. Nd1 Qxf3 31. Qh6 c3 32. Qxf6 Kxh7 33. Qxe7+ Kh6 34. Nxc3 Qxe3 35. Qf6+ Kh5 36. Bd1+ Kh4 37. Qh6+ Kg3 38. Ne2+ Kf2 39. Qh2+ Ke1 40. Qh1+ Kd2 41. Ka1 Qc5 42. Bc1+ Kd3 43. Qh3+ e3 44. Nf4+ Kd4 45. Qg2 Ke5 46. Bxe3 Qb4 47. Bd4+ Qxd4+ 0-1